[Event "Chicago"]
[Site "Chicago"]
[Date "1982.??.??"]
[Round "?"]
[White "Martz, William E"]
[Black "Lein, Anatoly"]
[Result "1/2-1/2"]
[WhiteElo "2405"]
[BlackElo "2490"]

1.d4 Nf6 2.c4 e6 3.Nc3 Bb4 4.f3 c5 5.d5 Bxc3+ 6.bxc3 d6 7.e4 e5 8.Bd3 Nbd7
9.Ne2 h6 10.h4 h5 11.Ng3 g6 12.Nf1 Qa5 13.Bd2 Nb6 14.Ne3 Bd7 15.O-O O-O-O
16.Qe1 Ba4 17.g4 Nbd7 18.Qg3 Rdg8 19.Ng2 Qd8 20.Rf2 Nh7 21.g5 Re8 22.f4 Qa5
23.f5 Re7 24.Ne3 Kb8 25.Bf1 Nb6 26.Bh3 Bd7 27.Rb1 Bc8 28.Be1 Qa4 29.Bf1 Rg8
30.Qf3 Qe8 31.f6 Rc7 32.Qd1 Bd7 33.Rxb6 axb6 34.Rb2 Qd8 35.Rxb6 Rc8 36.Qb1 Qc7
37.Bg3 Ka7 38.Rb3 Rge8 39.Nc2 Ra8 40.Kh2 Kb8 41.Na3 Ra5 42.Bf2 Ba4 43.Rb2 Nf8
44.Nb5 Bxb5 45.cxb5 Qb6 46.c4 Kc7 47.Bd3 Rea8 48.Bc2 Ra3 49.Bb3 Nd7 50.Be3 Qa7
51.Rc2 Qb8 52.Bc1 R3a7 53.Bd2 Nb6 54.Qf1 Ra4 55.Kg2 R8a7 56.Qe2 Qa8 57.Bc3 Ra3
58.Bb2 R3a4 59.Bc3 Kd8 60.Be1 Ra3 61.Bc3 Nd7 62.Be1 Qc8 63.Kh2 R7a4 64.Qd3 Qa8
65.Qe2 Qa7 66.Kg2 Rb4 67.Qd3 Kc7 68.Kh2 Rba4 69.Qe2 Qa8 70.Kg2 Qd8 71.Qf3 Nb6
72.Qe2 Kb8 73.Kh2 Nd7 74.Qf3 Qb6 75.Kg2 Qa7 76.Qe2  1/2-1/2

[Event "Chicago"]
[Site "Chicago"]
[Date "1982.??.??"]
[Round "?"]
[White "Huebner, Robert"]
[Black "Lein, Anatoly"]
[Result "1-0"]
[WhiteElo "2620"]
[BlackElo "2490"]

1.e4 c6 2.d4 d5 3.Nc3 dxe4 4.Nxe4 Nd7 5.Bc4 Ngf6 6.Ng5 e6 7.Qe2 Nb6 8.Bd3 h6
9.N5f3 c5 10.dxc5 Nbd7 11.b4 Nd5 12.Bd2 a5 13.c3 Qf6 14.Rc1 axb4 15.cxb4 Nf4
16.Bxf4 Qxf4 17.Rb1 g5 18.Qc2 Ne5 19.Bb5+ Ke7 20.a4 Bg7 21.Nxe5 Bxe5 22.g3 Qf6
23.Ne2 h5 24.Qe4 h4 25.g4 h3 26.O-O Rh4 27.Ng3 Bf4 28.f3 Qe5 29.Qxe5 Bxe5
30.Rfe1 f6 31.Rbd1 Rh8 32.Ne4 Rd8 33.Rxd8 Kxd8 34.Rd1+ Ke7 35.Rd3 Bf4 36.Nf2 Bc7
37.Nxh3 b6 38.cxb6 Bxb6+ 39.Kg2 Ra7 40.a5 Bc7 41.Rc3  1-0

[Event "Chicago"]
[Site "Chicago"]
[Date "1982.??.??"]
[Round "?"]
[White "Browne, Walter S"]
[Black "Dzindzichashvili, Roman"]
[Result "1-0"]
[WhiteElo "2585"]
[BlackElo "2460"]

1.Nf3 Nf6 2.c4 b6 3.Nc3 Bb7 4.d4 e6 5.a3 d5 6.cxd5 Nxd5 7.e3 Be7 8.Bb5+ c6
9.Bd3 Nxc3 10.bxc3 c5 11.O-O Nc6 12.Qe2 O-O 13.Bb2 Rc8 14.Rad1 cxd4 15.cxd4 Na5
16.e4 f6 17.d5 e5 18.Nh4 Bc5 19.Kh1 g6 20.f4 Bd6 21.Qg4 Kh8 22.Nf3 Qe7 23.fxe5 fxe5
24.Qg3 Kg8 25.Nxe5  1-0

[Event "Chicago"]
[Site "Chicago"]
[Date "1982.??.??"]
[Round "?"]
[White "Browne, Walter S"]
[Black "Huebner, Robert"]
[Result "1/2-1/2"]
[WhiteElo "2585"]
[BlackElo "2620"]

1.d4 Nf6 2.Nf3 g6 3.c4 Bg7 4.g3 c6 5.Bg2 d5 6.cxd5 cxd5 7.Ne5 O-O 8.O-O Bf5
9.Nc3 Ne4 10.Bf4 f6 11.Nd3 Nc6 12.Nc5 Nxc3 13.bxc3 b6 14.e4 dxe4 15.Nxe4 Rc8
16.Re1 Qd7 17.Qe2 Rfe8 18.Rad1  1/2-1/2

[Event "Chicago"]
[Site "Chicago"]
[Date "1982.??.??"]
[Round "?"]
[White "Browne, Walter S"]
[Black "Kortschnoj, Viktor"]
[Result "1-0"]
[WhiteElo "2585"]
[BlackElo "2645"]

1.d4 Nf6 2.Nf3 e6 3.c4 b6 4.Nc3 Bb4 5.Qb3 c5 6.e3 Ba6 7.a3 Ba5 8.Bd2 O-O
9.O-O-O Qe7 10.d5 exd5 11.Nxd5 Nxd5 12.cxd5 Bxf1 13.Rhxf1 Bxd2+ 14.Nxd2 d6
15.e4 Nd7 16.Rfe1 Ne5 17.Kb1 b5 18.f4 c4 19.Qxb5 Rab8 20.Qa5 Nd3 21.Nxc4 Nxe1
22.Qxe1 Qf6 23.Qd2 Qg6 24.Qc2 Rfc8 25.Rd4 Qh6 26.g3 Rc5 27.e5 dxe5 28.fxe5 Rd8
29.d6 Qe6 30.Qd3 a5 31.a4 Rb8 32.Ka1 Qd7 33.b3 h6 34.g4 Re8 35.Ka2 Qb7 36.Qe3 Rb8
37.e6 fxe6 38.Qxe6+  1-0

[Event "Chicago"]
[Site "Chicago"]
[Date "1982.??.??"]
[Round "?"]
[White "Browne, Walter S"]
[Black "Lein, Anatoly"]
[Result "1/2-1/2"]
[WhiteElo "2585"]
[BlackElo "2490"]

1.d4 Nf6 2.Nf3 e6 3.c4 b6 4.Nc3 Bb4 5.Qb3 c5 6.e3 O-O 7.Be2 Ne4 8.Bd2 Nxd2
9.Nxd2 Nc6 10.a3 Ba5 11.Nf3 cxd4 12.exd4 Ba6 13.O-O Bxc3 14.Qxc3 Rc8 15.Rfe1 Ne7  1/2-1/2

[Event "Chicago"]
[Site "Chicago"]
[Date "1982.??.??"]
[Round "?"]
[White "Dzindzichashvili, Roman"]
[Black "Browne, Walter S"]
[Result "1/2-1/2"]
[WhiteElo "2460"]
[BlackElo "2585"]

1.e4 c5 2.Ne2 Nf6 3.Nbc3 d5 4.exd5 Nxd5 5.Nxd5 Qxd5 6.Nc3 Qe5+ 7.Be2 Bg4
8.f3 Bf5 9.O-O Nc6 10.Bb5 Rc8 11.d3 Qd4+ 12.Kh1 a6 13.Bxc6+ Rxc6 14.Ne2 Qd7
15.b3 e6 16.Bb2 f6 17.Ng3 Bg6 18.f4 Be7 19.Qg4 O-O 20.Rae1 b5 21.f5 exf5
22.Nxf5 Bxf5 23.Qxf5 Qxf5 24.Rxf5 Kf7 25.g4 Rd8 26.Bc3 Re6 27.Kg2 Rxe1 28.Bxe1 g6
29.Rf3 c4 30.dxc4 bxc4 31.Bc3 cxb3 32.cxb3 Rd5 33.Rf4 Rc5 34.Bd4 Rc2+ 35.Rf2 Rxf2+
36.Kxf2 Ke6 37.Bc3 f5 38.gxf5+ Kxf5 39.Kf3  1/2-1/2

[Event "Chicago"]
[Site "Chicago"]
[Date "1982.??.??"]
[Round "?"]
[White "Dzindzichashvili, Roman"]
[Black "Huebner, Robert"]
[Result "0-1"]
[WhiteElo "2460"]
[BlackElo "2620"]

1.d4 Nf6 2.c4 e6 3.Nf3 d5 4.Nc3 Be7 5.Bg5 O-O 6.e3 h6 7.Bh4 b6 8.Rc1 Bb7
9.Bxf6 Bxf6 10.cxd5 exd5 11.Be2 Nd7 12.O-O Be7 13.Qb3 Nf6 14.Rfd1 a6 15.Ne5 Qd6
16.Bf3 Rab8 17.Qc2 c5 18.Ng4 Nxg4 19.Bxg4 c4 20.a4 Bc6 21.e4 b5 22.axb5 axb5
23.exd5 Bxd5 24.Nxd5 Qxd5 25.Bf3 Qd6 26.b3 Rfc8 27.bxc4 bxc4 28.Qe4 c3 29.h4 Bf6
30.g3 Rc4 31.Be2 Rxd4 32.Rxd4 Bxd4 33.Bd3 Qxg3+  0-1

[Event "Chicago"]
[Site "Chicago"]
[Date "1982.??.??"]
[Round "?"]
[White "Dzindzichashvili, Roman"]
[Black "Kortschnoj, Viktor"]
[Result "1/2-1/2"]
[WhiteElo "2460"]
[BlackElo "2645"]

1.e4 e5 2.Nf3 Nc6 3.Bc4 Bc5 4.c3 Nf6 5.d3 d6 6.h3 a6 7.O-O Ba7 8.Re1 O-O
9.Bb3 Qe7 10.Nbd2 Be6 11.Nf1 Rad8 12.Ng3 d5 13.Qe2 Kh8 14.exd5 Bxd5 15.d4 Rfe8
16.Nxe5 Nxe5 17.dxe5 Bxb3 18.Bg5 Rd5 19.axb3 Rxe5 20.Qxe5 Qxe5 21.Rxe5 Rxe5
22.Bf4 Re7 23.Rd1 g6 24.Nf1 Re2 25.Ne3 Ne4 26.Rd7 g5 27.Be5+ f6 28.Bd4 Bxd4
29.cxd4 h5 30.Rxc7 Re1+ 31.Kh2 Nxf2 32.Nf5 h4 33.g3 Ne4 34.gxh4 Rf1 35.Ng3 Nxg3
36.Kxg3 Rd1 37.hxg5 fxg5  1/2-1/2

[Event "Chicago"]
[Site "Chicago"]
[Date "1982.??.??"]
[Round "?"]
[White "Dzindzichashvili, Roman"]
[Black "Lein, Anatoly"]
[Result "1/2-1/2"]
[WhiteElo "2460"]
[BlackElo "2490"]

1.e4 e6 2.d4 d5 3.Nc3 Bb4 4.Ne2 Nf6 5.e5 Ne4 6.a3 Nxc3 7.Nxc3 Bxc3+ 8.bxc3 O-O
9.Bd3 f5 10.g4 c5 11.gxf5 exf5 12.Qh5 Be6 13.Rg1 Rf7 14.Qh6 Qd7 15.dxc5  1/2-1/2

[Event "Chicago"]
[Site "Chicago"]
[Date "1982.??.??"]
[Round "?"]
[White "Huebner, Robert"]
[Black "Kortschnoj, Viktor"]
[Result "1/2-1/2"]
[WhiteElo "2620"]
[BlackElo "2645"]

1.e4 e5 2.Nf3 Nc6 3.Bb5 a6 4.Ba4 Nf6 5.O-O Nxe4 6.d4 b5 7.Bb3 d5 8.dxe5 Be6
9.c3 Bc5 10.Nbd2 O-O 11.Bc2 Bf5 12.Nb3 Bg6 13.Nfd4 Bxd4 14.cxd4 a5 15.Be3 a4
16.Nd2 a3 17.Nxe4 axb2 18.Rb1 Bxe4 19.Rxb2 Qd7 20.Bd3 Bxd3 21.Qxd3 Rfb8 22.Rfb1 b4
23.a3 bxa3 24.Rxb8+ Rxb8 25.Rxb8+ Nxb8 26.Qxa3 Qc6 27.Qe7 Qd7 28.Qa3  1/2-1/2

[Event "Chicago"]
[Site "Chicago"]
[Date "1982.??.??"]
[Round "?"]
[White "Martz, William E"]
[Black "Kortschnoj, Viktor"]
[Result "1/2-1/2"]
[WhiteElo "2405"]
[BlackElo "2645"]

1.d4 Nf6 2.c4 g6 3.Nc3 d5 4.Bg5 Ne4 5.Bh4 Nxc3 6.bxc3 dxc4 7.e3 Be6 8.Rb1 b6
9.Be2 Bg7 10.Nf3 Bd5 11.O-O O-O 12.Nd2 c5 13.Bxc4 Bxc4 14.Nxc4 Qd5 15.Qf3 Qxf3
16.gxf3 cxd4 17.cxd4 Rc8 18.Rfc1 f6 19.a4 Nd7 20.a5 Bf8 21.Bg3 Rc6 22.Nd2 Rxc1+
23.Rxc1 bxa5 24.Ra1 e6 25.Nc4 Bb4 26.Nxa5 Bxa5 27.Rxa5 a6 28.e4 f5  1/2-1/2

[Event "Chicago"]
[Site "Chicago"]
[Date "1982.??.??"]
[Round "?"]
[White "Kortschnoj, Viktor"]
[Black "Browne, Walter S"]
[Result "1/2-1/2"]
[WhiteElo "2645"]
[BlackElo "2585"]

1.c4 c5 2.Nf3 Nf6 3.Nc3 e6 4.g3 b6 5.Bg2 Bb7 6.O-O Be7 7.d4 cxd4 8.Qxd4 d6
9.b3 Nbd7 10.Bb2 a6 11.e4 O-O 12.Nd2 Bc6 13.a4 Qb8 14.Rfe1 Re8 15.h3 Bf8
16.Qd3 Ra7 17.Re3 Rd8 18.Qe2 Ba8 19.Re1 Nc5 20.Nd1 Nfd7 21.h4 Bc6 22.Nc3 g6
23.Qd1 Bg7 24.Qc2 b5 25.cxb5 axb5 26.axb5 Bxb5 27.Nxb5 Qxb5 28.Bxg7 Kxg7
29.Qc3+ e5 30.Nc4 Nb6 31.Bf1 Nxc4 32.Bxc4 Qb6 33.Qd2 h6 34.Rd1 Ne6 35.Bxe6 fxe6
36.Kg2 Ra3 37.Rc1 Rd7 38.Qc3 Ra2 39.Rf3 Raa7 40.Qc8 Rf7 41.Rcc3 Rae7 42.Qc4 Qd4
43.Rcd3 Qxc4 44.bxc4 Rc7 45.Rxd6 Rxf3 46.Kxf3 Kf6 47.g4 Rxc4 48.Rd8 Rc3+
49.Kg2 Rc4 50.f3 Rc7 51.Kg3 Rb7 52.Ra8 Rc7 53.Ra6 Re7 54.Rb6 Ra7  1/2-1/2

[Event "Chicago"]
[Site "Chicago"]
[Date "1982.??.??"]
[Round "?"]
[White "Kortschnoj, Viktor"]
[Black "Dzindzichashvili, Roman"]
[Result "1/2-1/2"]
[WhiteElo "2645"]
[BlackElo "2460"]

1.Nf3 Nf6 2.c4 e6 3.Nc3 Bb4 4.Qc2 O-O 5.a3 Bxc3 6.Qxc3 b6 7.b4 Bb7 8.Bb2 d6
9.e3 e5 10.Be2 Ne4 11.Qc2 Ng5 12.Qf5 Nxf3+ 13.Bxf3 Bxf3 14.Qxf3 Nd7 15.O-O Re8
16.d3 Nf8 17.Qe4 Qd7 18.f4 exf4 19.Qxf4 Ng6 20.Qg3 Re6 21.e4 Ne5 22.Rf5 c5
23.Raf1 Rf8 24.b5 Qe7 25.Rh5 h6 26.Rhf5 Rg6 27.Qh3 Rg5 28.R5f4 Ng6 29.R4f2 Ne5
30.Bc1 Rg6 31.Rf5 Qe6 32.Qe3 Qe7 33.Qe2 Nd7 34.Bf4 Rf6 35.Rd5 Re6 36.Bg3 Ne5
37.Rf5 Re8 38.Bxe5 dxe5 39.Qf2 g6 40.Rf3 Kg7 41.h4  1/2-1/2

[Event "Chicago"]
[Site "Chicago"]
[Date "1982.??.??"]
[Round "?"]
[White "Kortschnoj, Viktor"]
[Black "Huebner, Robert"]
[Result "0-1"]
[WhiteElo "2645"]
[BlackElo "2620"]

1.Nf3 d5 2.d4 Nf6 3.c4 dxc4 4.Nc3 c6 5.a4 Bf5 6.e3 e6 7.Bxc4 Bb4 8.O-O O-O
9.Qb3 Qe7 10.Nh4 Bg4 11.f3 Bh5 12.g4 Bg6 13.g5 Nd5 14.e4 Nb6 15.Nxg6 hxg6
16.Be2 c5 17.d5 exd5 18.a5 c4 19.Qd1 d4 20.axb6 dxc3 21.bxc3 Bxc3 22.Rxa7 Nc6
23.Rxa8 Rxa8 24.Kh1 Rd8 25.Qc2 Qb4 26.Be3 Bd2 27.Rb1 Qa5 28.Bxd2 Rxd2 29.Qxc4 Qxg5
30.Rd1 Rb2 31.Rd7 Rb1+ 32.Bd1 Qf4 33.Qe2 Rxb6 34.Qa2 Ne5 35.Rd8+ Kh7 36.Qg2 Qh4
37.Rd5 Rb1 38.Qf1 f6 39.Qe2 g5 40.Kg1 Qh3 41.Qc2 Nxf3+  0-1

[Event "Chicago"]
[Site "Chicago"]
[Date "1982.??.??"]
[Round "?"]
[White "Kortschnoj, Viktor"]
[Black "Martz, William E"]
[Result "1-0"]
[WhiteElo "2645"]
[BlackElo "2405"]

1.d4 Nf6 2.c4 g6 3.Nc3 d5 4.Bf4 Bg7 5.e3 c6 6.Qb3 O-O 7.Nf3 Qa5 8.Rc1 Nbd7
9.h3 dxc4 10.Bxc4 Nb6 11.Bc7 Ne8 12.Be5 Nxc4 13.Qxc4 Be6 14.Qe2 Nd6 15.Bxg7 Bc4
16.Qc2 Kxg7 17.Ne5 Be6 18.O-O f6 19.Nf3 Rfd8 20.b3 c5 21.d5 Bf7 22.Qb2 b5
23.e4 b4 24.Na4 c4 25.Qe2 e5 26.dxe6 Bxe6 27.e5 fxe5 28.Nxe5 Re8 29.Rfd1 Nf7
30.Nxc4 Qg5 31.Qe3 Qf6 32.Nd6 Re7 33.Ne4 Qh4 34.Qd4+ Kf8 35.Nec5 Qxd4 36.Rxd4 a5
37.Re1 Rae8 38.f3 h5 39.Kf2 Bf5 40.Rxe7 Rxe7 41.g4 hxg4 42.hxg4 Be6 43.Nb6 Ng5
44.Nd5 Rf7 45.Nf4 Rf6 46.Nfxe6+ Nxe6 47.Rd6  1-0

[Event "Chicago"]
[Site "Chicago"]
[Date "1982.??.??"]
[Round "?"]
[White "Lein, Anatoly"]
[Black "Huebner, Robert"]
[Result "0-1"]
[WhiteElo "2490"]
[BlackElo "2620"]

1.d4 Nf6 2.Nf3 d5 3.c4 e6 4.g3 Nbd7 5.Bg2 dxc4 6.Qa4 a6 7.Nc3 Be7 8.Qxc4 b5
9.Qd3 Bb7 10.O-O O-O 11.Be3 Nb6 12.Bg5 c5 13.Bxf6 gxf6 14.Rfd1 c4 15.Qc2 f5
16.a3 Nd5 17.Nd2 Bf6 18.e4 fxe4 19.Ndxe4 Bg7 20.h4 h6 21.Qd2 Bc6 22.Ne2 Qe7
23.Re1 Rfd8 24.N4c3 Qb7 25.Bh3 Ne7 26.Qe3 Rd6 27.Rad1 Rad8 28.Nf4 Bf3 29.Rd2 Rxd4
30.Rxd4 Rxd4 31.Bxe6 Rxf4 32.Qxf4 fxe6 33.Rxe6 Bc6 34.Qd6 Bh1 35.Ne4 Bxe4
36.Rxe7 Qd5 37.Qxd5+ Bxd5 38.Re2 a5 39.Rd2 Be4 40.Rd8+ Kf7 41.Rd7+ Kf8  0-1

[Event "Chicago"]
[Site "Chicago"]
[Date "1982.??.??"]
[Round "?"]
[White "Lein, Anatoly"]
[Black "Martz, William E"]
[Result "1/2-1/2"]
[WhiteElo "2490"]
[BlackElo "2405"]

1.e4 Nf6 2.e5 Nd5 3.Nc3 Nxc3 4.dxc3 d6 5.Bf4 Nc6 6.Nf3 dxe5 7.Qxd8+ Nxd8
8.Bxe5 c6 9.Nd2 f6 10.Bg3 Nf7 11.O-O-O Bd7 12.Bc4 Nd6 13.Bxd6 exd6 14.Rhe1+ Kd8
15.Be6 Bxe6 16.Rxe6 Kd7 17.Rde1 d5 18.c4 dxc4 19.Nxc4 b5 20.Nd2 Bd6 21.R6e2 f5
22.Nf3 Rhe8 23.h3 Rxe2 24.Rxe2 Rf8 25.c3 g5 26.Kc2 g4 27.hxg4 fxg4 28.Nd2 h5
29.Ne4 Be7 30.g3 Rf5 31.b3 Re5 32.Kd3 Ke6 33.c4 bxc4+ 34.Kxc4 Kf5 35.Kd3 Bb4
36.Re3 a5 37.a4 Rd5+ 38.Kc2 Re5 39.Kd3 Rd5+  1/2-1/2